Основы теории химических процессов технологии органических веществ и нефтепереработки: учебник

Dades bibliogràfiques
Autor principal: Потехин В. М. Вячеслав Матвеевич
Altres autors: Потехин В. В. Вячеслав Вячеславович
Sumari:В книге изложены основные положения по теории и практике типовых процессов многотоннажной технологии органических веществ и нефтепереработки, даны научные основы радикально-цепных, гомогенных и гетерогенных каталитических реакций. Рассмотрена характеристика химических процессов, реакторов и растворителей, применяемых в научных и промышленных синтезах, а также приведен термодинамический и кинетический анализ простых и сложных по стехиометрии реакций. Большое внимание уделено механизмам химических реакций, элементарным реакциям, реакционной способности и активации реагентов, гомогенному и гетерогенному катализу. Важное место в книге занимает рассмотрение прикладных аспектов гомогенных и гетерогенно-каталитических процессов, применяемых в нефтехимии и нефтепереработке, промышленном органическом синтезе (пиролиз, каталитический крекинг, реформинг, изомеризация, гидроочистка, гидрокрекинг, окисление, гидрирование и дегидрирование, олигомеризация, полимеризация, синтезы на основе оксида углерода(П) и др.). В конце каждой части книги приводятся упражнения и задачи, список рекомендуемой литературы. Книга предназначается для студентов, специализирующихся в области нефтехимии и нефтепереработки, в органическом синтезе. Она может быть полезна для аспирантов, научных и инженерных работников химической, нефтехимической и нефтеперерабатывающей промышленности и смежных с ними областей.
Idioma:rus
Publicat: СПб., Химиздат, 2007
Edició:2-е изд., испр. и доп.
Col·lecció:Учебник для вузов
Matèries:
Format: MixedMaterials Llibre
KOHA link:https://koha.lib.tpu.ru/cgi-bin/koha/opac-detail.pl?biblionumber=132543

MARC

LEADER 00000nam0a2200000 4500
001 132543
005 20231101220355.0
010 |a 9785938081475 
035 |a (RuTPU)RU\TPU\book\143518 
035 |a RU\TPU\book\124291 
090 |a 132543 
100 |a 20070428d2007 m y0rusy50 ca 
101 0 |a rus 
102 |a RU 
105 |a a j 001zy 
200 1 |a Основы теории химических процессов технологии органических веществ и нефтепереработки  |e учебник  |f В. М. Потехин, В. В. Потехин 
205 |a 2-е изд., испр. и доп. 
210 |a СПб.  |c Химиздат  |d 2007 
215 |a 944 с.  |c ил. 
225 1 |a Учебник для вузов 
320 |a Библиография в конце глав. 
330 |a В книге изложены основные положения по теории и практике типовых процессов многотоннажной технологии органических веществ и нефтепереработки, даны научные основы радикально-цепных, гомогенных и гетерогенных каталитических реакций. Рассмотрена характеристика химических процессов, реакторов и растворителей, применяемых в научных и промышленных синтезах, а также приведен термодинамический и кинетический анализ простых и сложных по стехиометрии реакций. Большое внимание уделено механизмам химических реакций, элементарным реакциям, реакционной способности и активации реагентов, гомогенному и гетерогенному катализу. Важное место в книге занимает рассмотрение прикладных аспектов гомогенных и гетерогенно-каталитических процессов, применяемых в нефтехимии и нефтепереработке, промышленном органическом синтезе (пиролиз, каталитический крекинг, реформинг, изомеризация, гидроочистка, гидрокрекинг, окисление, гидрирование и дегидрирование, олигомеризация, полимеризация, синтезы на основе оксида углерода(П) и др.). В конце каждой части книги приводятся упражнения и задачи, список рекомендуемой литературы. Книга предназначается для студентов, специализирующихся в области нефтехимии и нефтепереработки, в органическом синтезе. Она может быть полезна для аспирантов, научных и инженерных работников химической, нефтехимической и нефтеперерабатывающей промышленности и смежных с ними областей. 
451 1 |0 (RuTPU)RU\TPU\book\124291  |y 5-93808-093-2  |t Основы теории химических процессов технологии органических веществ и нефтепереработки  |o учебник  |f В. М. Потехин, В. В. Потехин  |c СПб.  |n Химиздат  |d 2005  |p 912 с.  |s Учебник для вузов  |a Потехин, Вячеслав Матвеевич 
606 1 |a Органические вещества  |x Производство  |2 stltpush  |3 (RuTPU)RU\TPU\subj\32379  |9 54949 
606 1 |a Нефтепереработка  |2 stltpush  |3 (RuTPU)RU\TPU\subj\72833  |9 86220 
610 1 |a химическая технология 
610 1 |a химические процессы 
610 1 |a реакторы 
610 1 |a растворители 
610 1 |a термодинамический анализ 
610 1 |a кинетика 
610 1 |a кинетический анализ 
610 1 |a радикалы 
610 1 |a радикальные реакции 
610 1 |a радикально-цепные реакции 
610 1 |a радикально-цепные процессы 
610 1 |a катализ 
610 1 |a каталитические реакции 
610 1 |a промышленный органический синтез 
610 1 |a гомогенный металлокомплексный катализ 
610 1 |a комплексные соединения 
610 1 |a химическая связь 
610 1 |a катализ гетерогенный 
610 1 |a гетерогенно-каталические процессы 
610 1 |a нефтехимия 
610 1 |a учебники 
675 |a 661.7(075.8)  |v 3 
675 |a 665.63(075.8)  |v 3 
700 1 |a Потехин  |b В. М.  |g Вячеслав Матвеевич 
701 1 |a Потехин  |b В. В.  |g Вячеслав Вячеславович 
801 1 |a RU  |b 63413507  |c 20080304  |g PSBO 
801 2 |a RU  |b 63413507  |c 20210623  |g PSBO 
900 |a Технология основного органического и неорганического синтеза 
900 |a Теория химико-технологических процессов органического синтеза 
900 |a Физико-химические основы технологии получения органических веществ 
942 |c BK 
954 |b 240400 
959 |a 24/20080303  |d 5  |e 550,00  |f АНЛ:1  |f ЧЗТЛ:1  |f УФ:3